[Event "4NCL Online Division 4"]
[Site "online"]
[Date "2022.02.22"]
[EventDate "2022.02.22"]
[Round "3.134"]
[White "Tatam, Anthony"]
[WhiteElo "1572"]
[WhiteTeam "Plymouth 2"]
[Black "Hayes, Solomon"]
[BlackElo "1509"]
[BlackTeam "Wells Globetrotters 2"]
[Result "1/2-1/2"]
[PlyCount "121"]

1. d4 Nf6 2. e3 d5 3. Bd3 e6 4. Nf3 c5 5. c3 Nc6 6. O-O Bd6 7. h3 O-O 8. Nbd2 Re8 9. Re1 b6 10. b3 Bb7 11. Bb2 Qc7 12. a3 Rad8 13. Qc2 e5 14. dxe5 Nxe5 15. Nxe5 Bxe5 16. Nf3 Bd6 17. c4 Ne4 18. cxd5 Bxd5 19. Bb5 Re7 20. Red1 Bb7 21. Rac1 a6 22. Bd3 b5 23. Ba1 Qc6 24. Qb2 f6 25. Qc2 Ng5 26. Be2 Red7 27. Kf1 Ne4 28. Kg1 Qb6 29. Kf1 a5 30. Kg1 Qc6 31. b4 axb4 32. axb4 c4 33. Nd4 Qd5 34. Nf3 Qf5 35. Bd4 Bxb4 36. Rb1 Be7 37. Rxb5 Qxb5 38. Bxc4+ Qxc4 39. Qxc4+ Kf8 40. Qe6 Nc5 41. Qa2 Ne4 42. Nd2 Rxd4 43. exd4 Nc3 44. Qb3 Nxd1 45. Qxb7 Rxd4 46. Nf3 Rd8 47. Qb1 Nc3 48. Qxh7 Rd1+ 49. Kh2 Bd6+ 50. g3 Rf1 51. Kg2 Ra1 52. Qh8+ Kf7 53. Qh5+ Kf8 54. Qg4 Ra8 55. Qd7 Be7 56. Qc6 Ra3 57. Qc8+ Kf7 58. Qc4+ Kf8 59. Qc8+ Kf7 60. Qc4+ Kf8 61. Qc8+ 1/2-1/2

[Event "4NCL Online Division 4"]
[Site "online"]
[Date "2022.02.22"]
[EventDate "2022.02.22"]
[Round "3.141"]
[White "Tillett, Matthew"]
[WhiteElo "1875"]
[WhiteTeam "Streatham B"]
[Black "Warren, Alex M"]
[BlackElo "1999"]
[BlackTeam "Farnham B"]
[Result "1/2-1/2"]
[PlyCount "131"]

1. e4 c5 2. Nc3 a6 3. Nge2 b5 4. g3 Bb7 5. Bg2 Nf6 6. O-O e6 7. d4 cxd4 8. Nxd4 b4 9. Na4 Bxe4 10. Bxe4 Nxe4 11. Re1 Nf6 12. Qf3 d5 13. c4 Be7 14. Bf4 O-O 15. Bxb8 Rxb8 16. Nc6 Qd7 17. Nxe7+ Qxe7 18. cxd5 Qd7 19. Nc5 Qb5 20. Rac1 Nxd5 21. a4 bxa3 22. bxa3 Rfc8 23. Ne4 Rxc1 24. Rxc1 h6 25. Nc3 Nxc3 26. Qxc3 Qd5 27. Qc6 Qxc6 28. Rxc6 a5 29. Rc5 Ra8 30. Kf1 Kf8 31. Ke2 Ra7 32. Kd3 Ke7 33. Kc4 Kd6 34. a4 e5 35. Rd5+ Ke6 36. Rb5 Rc7+ 37. Kd3 Rd7+ 38. Kc4 Rc7+ 39. Kd3 Rd7+ 40. Kc4 Rd4+ 41. Kb3 Rd2 42. f4 exf4 43. gxf4 Rxh2 44. Rxa5 Rf2 45. f5+ Kf6 46. Rc5 Rf3+ 47. Kb2 Rf4 48. a5 Ra4 49. Kb3 Ra1 50. Kb2 Ra4 51. Kb3 Ra1 52. Kb2 Rd1 53. a6 Rd7 54. Ra5 Ra7 55. Kc3 h5 56. Kd3 Kg5 57. Ke3 Kg4 58. Kf2 Kf4 59. Kg2 g5 60. fxg6 fxg6 61. Kf2 g5 62. Ra4+ Ke5 63. Ra5+ Kf4 64. Ra4+ Ke5 65. Ra5+ Kf4 66. Ra4+ 1/2-1/2

[Event "4NCL Online Division 4"]
[Site "online"]
[Date "2022.02.22"]
[EventDate "2022.02.22"]
[Round "3.142"]
[White "Kumar, Soham"]
[WhiteElo "1891"]
[WhiteTeam "Farnham B"]
[Black "Grace, Matt"]
[BlackElo "1700"]
[BlackTeam "Streatham B"]
[Result "1-0"]
[PlyCount "51"]

1. e4 e6 2. d4 d5 3. Nc3 Nf6 4. e5 Nfd7 5. f4 c5 6. Nf3 Nc6 7. Be3 cxd4 8. Nxd4 Nxd4 9. Bxd4 Bc5 10. Qd2 Bxd4 11. Qxd4 Qb6 12. Qd2 Qxb2 13. Rb1 Qa3 14. Nb5 Qxa2 15. Nd6+ Kd8 16. Rd1 Rf8 17. Bb5 a6 18. Bxd7 Kxd7 19. Qb4 Qxc2 20. O-O a5 21. Qd4 Qc7 22. f5 Ke7 23. Rc1 Qb8 24. f6+ gxf6 25. Qc5 Qa7 26. Nxc8+ 1-0

[Event "4NCL Online Division 4"]
[Site "online"]
[Date "2022.02.22"]
[EventDate "2022.02.22"]
[Round "3.143"]
[White "Chung, Michael"]
[WhiteElo "1642"]
[WhiteTeam "Streatham B"]
[Black "Cooper, Malcolm H"]
[BlackElo "1771"]
[BlackTeam "Farnham B"]
[Result "1/2-1/2"]
[PlyCount "108"]

1. e4 c5 2. Nf3 Nc6 3. c3 Nf6 4. Bd3 d6 5. Bc2 g6 6. d4 cxd4 7. cxd4 Bg7 8. Be3 O-O 9. O-O Nb4 10. Nc3 Nxc2 11. Qxc2 Bd7 12. Rac1 Rc8 13. Qd2 Ng4 14. a3 Nxe3 15. Qxe3 e6 16. Rfd1 Qb6 17. Qd2 Qa5 18. Rc2 Rc7 19. Rdc1 Rfc8 20. h3 Qh5 21. Nd1 Rxc2 22. Rxc2 Rxc2 23. Qxc2 Qa5 24. Nc3 Qc7 25. Qd3 a6 26. Nd2 Qb6 27. Nc4 Qxd4 28. Qxd4 Bxd4 29. Nxd6 Bc6 30. Kf1 Be5 31. Nc8 Bxc3 32. bxc3 Bxe4 33. Nb6 Kg7 34. f3 Bc6 35. Kf2 Kf6 36. Ke3 Ke5 37. g3 h5 38. f4+ Kf5 39. Nc4 Bg2 40. Nd6+ Kf6 41. h4 Ke7 42. Nc4 Bd5 43. Ne5 Kf6 44. c4 Bg2 45. Kf2 Be4 46. Ke3 Bb1 47. c5 Ke7 48. Kd4 Ba2 49. a4 Bd5 50. a5 Bc6 51. Kc4 Kf6 52. Kd4 Ke7 53. Kc4 Bg2 54. Kd4 Bc6 1/2-1/2

[Event "4NCL Online Division 4"]
[Site "online"]
[Date "2022.02.22"]
[EventDate "2022.02.22"]
[Round "3.144"]
[White "Bourke, Matt"]
[WhiteElo "1558"]
[WhiteTeam "Farnham B"]
[Black "Spencer, Alex"]
[BlackElo "1580"]
[BlackTeam "Streatham B"]
[Result "0-1"]
[PlyCount "88"]

1. e4 c6 2. Nc3 d5 3. Nf3 dxe4 4. Nxe4 Bg4 5. h3 Bh5 6. Ng3 Bxf3 7. Qxf3 Nf6 8. Bc4 e6 9. O-O Nbd7 10. d4 Be7 11. c3 O-O 12. Bd3 Qc7 13. Re1 Rfe8 14. Bf4 Bd6 15. Ne2 e5 16. dxe5 Nxe5 17. Bxe5 Rxe5 18. Nd4 Rae8 19. Rxe5 Rxe5 20. Nf5 Bf8 21. Nh6+ gxh6 22. Qxf6 Bg7 23. Qf3 Qb6 24. b3 Re8 25. Bc4 Qc7 26. Kf1 b5 27. Bd3 Qh2 28. g4 Bxc3 29. Rc1 Bg7 30. Rxc6 b4 31. Ra6 Bc3 32. Be4 Qb8 33. Qf5 Rxe4 34. Qxe4 Qb5+ 35. Qc4 Qe5 36. Rxa7 Qf6 37. Ra6 Qf3 38. Rxh6 Qh1+ 39. Ke2 Qe1+ 40. Kf3 Qh1+ 41. Kg3 Be5+ 42. Kh4 Qf3 43. Qc2 Bf6+ 44. Kh5 Qxh3# 0-1

[Event "4NCL Online Division 4"]
[Site "online"]
[Date "2022.02.22"]
[EventDate "2022.02.22"]
[Round "3.151"]
[White "Anderson, James"]
[WhiteElo "1630"]
[WhiteTeam "Dundee City D"]
[Black "Kassey, Amaan"]
[BlackElo "1671"]
[BlackTeam "Oxford 4"]
[Result "0-1"]
[PlyCount "68"]

1. d4 e6 2. Nf3 Nf6 3. Bg5 h6 4. Bh4 b6 5. e3 Bb7 6. Bd3 Be7 7. Nbd2 d6 8. Qe2 Nbd7 9. O-O c5 10. c3 O-O 11. h3 d5 12. Bc2 c4 13. Rad1 Qc7 14. Nh2 b5 15. f4 Rfe8 16. Nhf3 Nh5 17. Bxe7 Ng3 18. Qf2 Nxf1 19. Rxf1 Rxe7 20. Qh4 Nf6 21. Ne5 a5 22. g4 Ne4 23. Ndf3 f6 24. Ng6 Ree8 25. Kh1 Qf7 26. f5 Bc8 27. Bxe4 dxe4 28. Nd2 exf5 29. gxf5 Bxf5 30. Rxf5 Qxg6 31. Rf1 b4 32. Rg1 Qf7 33. Nxe4 Qb7 34. Rg4 f5 0-1

[Event "4NCL Online Division 4"]
[Site "online"]
[Date "2022.02.22"]
[EventDate "2022.02.22"]
[Round "3.152"]
[White "King, Simon E"]
[WhiteElo "1669"]
[WhiteTeam "Oxford 4"]
[Black "Flood, Raymond"]
[BlackElo "1623"]
[BlackTeam "Dundee City D"]
[Result "0-1"]
[PlyCount "54"]

1. e4 d6 2. d4 Nf6 3. Nc3 g6 4. Bc4 Bg7 5. Nge2 O-O 6. O-O Nxe4 7. Nxe4 d5 8. Bb3 dxe4 9. c3 b6 10. Ng3 Bb7 11. Re1 Nd7 12. Nxe4 Nf6 13. Nxf6+ Bxf6 14. Bh6 Re8 15. Qg4 e6 16. Rad1 a6 17. Re3 Rc8 18. g3 Bd5 19. c4 Bb7 20. h4 Qd6 21. h5 Rcd8 22. Red3 c5 23. hxg6 hxg6 24. Bf4 Qc6 25. d5 exd5 26. cxd5 Qd7 27. d6 Qxg4 0-1

[Event "4NCL Online Division 4"]
[Site "online"]
[Date "2022.02.22"]
[EventDate "2022.02.22"]
[Round "3.153"]
[White "Hackney, Leyton"]
[WhiteElo "1597"]
[WhiteTeam "Dundee City D"]
[Black "Henbest, Kevin B"]
[BlackElo "1572"]
[BlackTeam "Oxford 4"]
[Result "1-0"]
[PlyCount "93"]

1. c4 Nf6 2. Nc3 g6 3. Nf3 Bg7 4. g3 d6 5. Bg2 Nbd7 6. O-O O-O 7. d4 e5 8. e4 exd4 9. Nxd4 Ne5 10. b3 a6 11. Bb2 c5 12. Nde2 Qc7 13. Nf4 Be6 14. Qd2 Rad8 15. Nfd5 Nxd5 16. Nxd5 Bxd5 17. exd5 Rde8 18. Rae1 Re7 19. f4 Ng4 20. Rxe7 Qxe7 21. Re1 Qd8 22. Bxg7 Kxg7 23. Qe2 f5 24. h3 Nf6 25. Qe7+ Qxe7 26. Rxe7+ Rf7 27. Re6 Rd7 28. Bf3 Kf7 29. g4 fxg4 30. Bxg4 Nxg4 31. hxg4 h6 32. Kf2 Rd8 33. Kf3 Rd7 34. f5 gxf5 35. gxf5 Kg7 36. Kg4 Rd8 37. Kh5 Rf8 38. Rg6+ Kf7 39. Rxh6 Ke7 40. Kg5 Rg8+ 41. Rg6 Rf8 42. f6+ Ke8 43. Kf5 Kf7 44. Rg7+ Ke8 45. Ke6 Kd8 46. f7 Kc7 47. Rg8 1-0

[Event "4NCL Online Division 4"]
[Site "online"]
[Date "2022.02.22"]
[EventDate "2022.02.22"]
[Round "3.154"]
[White "Tishkin, Andrey"]
[WhiteElo "1573"]
[WhiteTeam "Oxford 4"]
[Black "Barron-Majerik, Jan"]
[BlackElo "1573"]
[BlackTeam "Dundee City D"]
[Result "1-0"]
[PlyCount "141"]

1. d4 d5 2. Nc3 Nf6 3. Bg5 c6 4. Bxf6 exf6 5. e3 Bf5 6. Bd3 Bg6 7. Nge2 Bd6 8. Qd2 b5 9. Ng3 O-O 10. Nce2 Re8 11. h4 Qd7 12. h5 Be4 13. Bxe4 dxe4 14. O-O-O a5 15. Kb1 Na6 16. c3 Rad8 17. Qc2 Qe6 18. Rh4 f5 19. Nf4 Bxf4 20. Rxf4 g6 21. hxg6 fxg6 22. Rh4 c5 23. Rdh1 Rd7 24. Ne2 a4 25. Nf4 Qf6 26. Rh6 Ree7 27. Qe2 c4 28. g4 Nc7 29. gxf5 Qxf5 30. Rg1 Ne6 31. Nxe6 Rxe6 32. Rh5 Qf8 33. Rxb5 Rf6 34. Qxc4+ Kg7 35. Qxa4 Rxf2 36. Rb6 Rf1+ 37. Rxf1 Qxf1+ 38. Kc2 Qd3+ 39. Kb3 Qd1+ 40. Ka3 Qxa4+ 41. Kxa4 h5 42. c4 Kf7 43. c5 h4 44. c6 Rd8 45. Rb7+ Ke6 46. c7 Rc8 47. Rb6+ Kf5 48. d5 h3 49. d6 Ke6 50. Rb8 Kd7 51. Kb5 h2 52. Rxc8 h1=Q 53. Rd8+ Ke6 54. c8=Q+ Kf6 55. Rf8+ Kg5 56. Qd8+ Kg4 57. Qd7+ Kg3 58. Rf4 Qh5+ 59. Kb4 g5 60. Rxe4 Kf2 61. Qf5+ Ke1 62. d7 Qd1 63. Rd4 Qa1 64. Qc2 Kf1 65. Rd1+ Qxd1 66. Qxd1+ Kg2 67. d8=Q g4 68. Qxg4+ Kf1 69. Qf6+ Ke1 70. Qg2 Kd1 71. Qff1# 1-0

[Event "4NCL Online Division 4"]
[Site "online"]
[Date "2022.02.22"]
[EventDate "2022.02.22"]
[Round "3.161"]
[White "Pereira, Nolan"]
[WhiteElo "1900"]
[WhiteTeam "Colchester JFF A"]
[Black "Blair, Jimmy"]
[BlackElo "1391"]
[BlackTeam "War & Piece Banner"]
[Result "1-0"]
[PlyCount "99"]

1. d4 d5 2. c4 dxc4 3. Nf3 Nf6 4. g3 Bg4 5. Bg2 e6 6. Qa4+ Nbd7 7. Ne5 Bd6 8. Nxg4 Nxg4 9. Bxb7 Rb8 10. Bf3 Nf6 11. Qxa7 O-O 12. O-O Re8 13. Qa4 Rb4 14. Qc2 e5 15. Bd2 Rb8 16. Bc3 e4 17. Bg2 Qe7 18. e3 Nd5 19. Nd2 N7f6 20. Nxc4 Nb4 21. Bxb4 Bxb4 22. Ne5 Bd6 23. Nc6 Qe6 24. Nxb8 Rxb8 25. a4 h5 26. a5 h4 27. a6 hxg3 28. a7 gxh2+ 29. Kh1 Ra8 30. Qc6 Qd5 31. Qxd5 Nxd5 32. Bxe4 c6 33. Rfc1 g6 34. Rxc6 Nb4 35. Rb6 f5 36. Bxa8 Nc2 37. Bd5+ Kh7 38. Rb7+ Kh6 39. f4 Nxa1 40. a8=Q Kh5 41. Bf3+ Kh4 42. Rh7+ Kg3 43. Bg2 Kf2 44. Qf3+ Ke1 45. Bf1 Kd2 46. Qe2+ Kc1 47. Rxh2 Bb4 48. b3 Bc3 49. Bh3 Nxb3 50. Qc2# 1-0

[Event "4NCL Online Division 4"]
[Site "online"]
[Date "2022.02.22"]
[EventDate "2022.02.22"]
[Round "3.162"]
[White "Bailey, Duncan"]
[WhiteElo "1389"]
[WhiteTeam "War & Piece Banner"]
[Black "Rida, Ruqayyah"]
[BlackElo "1655"]
[BlackTeam "Colchester JFF A"]
[Result "1-0"]
[PlyCount "87"]

1. c4 Nf6 2. Nc3 g6 3. e4 d6 4. d4 Bg7 5. Nf3 O-O 6. Be2 e5 7. O-O Nc6 8. d5 Ne7 9. Re1 Nd7 10. Be3 f5 11. Ng5 Nf6 12. Bf3 f4 13. Bd2 Qd7 14. Rb1 h6 15. Ne6 Rf7 16. b4 Kh7 17. a4 Neg8 18. Nb5 c6 19. Nbc7 Rb8 20. c5 cxd5 21. exd5 dxc5 22. bxc5 Bf8 23. Rxe5 Bxc5 24. Bxf4 Bd6 25. Qd4 Ne7 26. Qxa7 Bxe5 27. Bxe5 Nfxd5 28. Bxd5 Nxd5 29. Nxd5 Qxd5 30. Qxb8 Qxe6 31. Rc1 Qf5 32. f4 Rf8 33. Rc7+ Bd7 34. Rxd7+ Qxd7 35. Qxf8 Qd1+ 36. Kf2 Qd2+ 37. Kf3 Qd3+ 38. Kg4 Qe2+ 39. Kh3 Qd3+ 40. g3 Qf1+ 41. Kh4 g5+ 42. Kg4 Qe2+ 43. Kf5 Qd3+ 44. Kf6 1-0

[Event "4NCL Online Division 4"]
[Site "online"]
[Date "2022.02.22"]
[EventDate "2022.02.22"]
[Round "3.163"]
[White "Kanellopoulos, Nikolas"]
[WhiteElo "1478"]
[WhiteTeam "Colchester JFF A"]
[Black "O'Neill, Stephen G"]
[BlackElo "1352"]
[BlackTeam "War & Piece Banner"]
[Result "0-1"]
[PlyCount "49"]

1. e4 c5 2. Nc3 Nc6 3. g3 e5 4. Bg2 Nf6 5. Nge2 Be7 6. O-O O-O 7. d3 Re8 8. f4 d6 9. f5 Nd4 10. Nxd4 cxd4 11. Ne2 d5 12. c3 dxe4 13. cxd4 exd3 14. Qxd3 exd4 15. Nxd4 Bc5 16. Rd1 Qd7 17. Be3 Ng4 18. Nc2 Qxd3 19. Rxd3 Nxe3 20. Nxe3 Bxe3+ 21. Kh1 Bxf5 22. Rxe3 Rxe3 23. Bxb7 Rb8 24. Rd1 h6 25. Rd7 0-1

[Event "4NCL Online Division 4"]
[Site "online"]
[Date "2022.03.08"]
[EventDate "2022.03.08"]
[Round "4.11"]
[White "Peacock, Christopher D"]
[WhiteElo "1491"]
[WhiteTeam "Wessex Some Stars G"]
[Black "Sugden, Freddie"]
[BlackElo "1839"]
[BlackTeam "Hackney Spice Boys"]
[Result "0-1"]
[PlyCount "56"]

1. d4 Nf6 2. Bf4 d6 3. Nf3 g6 4. e3 Bg7 5. Nbd2 O-O 6. c3 Nbd7 7. h3 Re8 8. Bh2 e5 9. dxe5 Nxe5 10. Be2 Qe7 11. O-O a6 12. Nxe5 dxe5 13. e4 c5 14. a4 Bd7 15. f3 b5 16. axb5 axb5 17. Qc2 c4 18. Kh1 Rxa1 19. Rxa1 Rc8 20. Ra7 Qe6 21. Nf1 Bf8 22. Bg1 Nh5 23. g4 Nf4 24. Rb7 Nxh3 25. Rb6 Qe7 26. Bh2 Qh4 27. Kg2 Bc5 28. Rb7 Nf2 0-1

[Event "4NCL Online Division 4"]
[Site "online"]
[Date "2022.03.08"]
[EventDate "2022.03.08"]
[Round "4.12"]
[White "Nabijou, Kayvon"]
[WhiteElo "1570"]
[WhiteTeam "Hackney Spice Boys"]
[Black "Huntley, Kevin"]
[BlackElo "1421"]
[BlackTeam "Wessex Some Stars G"]
[Result "1-0"]
[PlyCount "111"]

1. e4 e6 2. d4 d5 3. e5 c5 4. c3 Nc6 5. Nf3 Qb6 6. Bd3 Bd7 7. Bc2 cxd4 8. cxd4 Bb4+ 9. Nc3 Bxc3+ 10. bxc3 Rc8 11. a4 Na5 12. Qd3 Ne7 13. O-O Nc4 14. Bg5 Ng6 15. Rfb1 Qc7 16. Bd1 h6 17. Bc1 b6 18. Ba3 Nxa3 19. Rxa3 O-O 20. a5 Rb8 21. axb6 Rxb6 22. Rxb6 axb6 23. Bc2 f5 24. exf6 Rxf6 25. Ra8+ Kf7 26. Qe3 Qf4 27. Bxg6+ Kxg6 28. Qxf4 Rxf4 29. Ne5+ Kg5 30. Nxd7 Re4 31. Kf1 Rf4 32. Nxb6 Rf7 33. Na4 Rb7 34. Nc5 Rb1+ 35. Ke2 Rb2+ 36. Ke3 Kf6 37. Ra7 Rc2 38. Ra3 g5 39. g4 Rc1 40. Kf3 Rh1 41. Kg2 Re1 42. Nd3 Re4 43. Ne5 Re2 44. Ra7 Rxe5 45. dxe5+ Kxe5 46. Kf3 d4 47. cxd4+ Kxd4 48. Rh7 e5 49. Rxh6 e4+ 50. Ke2 Ke5 51. Ke3 Kd5 52. h4 gxh4 53. Rxh4 Ke5 54. Rh5+ Kf6 55. Kxe4 Kg6 56. Ra5 1-0

[Event "4NCL Online Division 4"]
[Site "online"]
[Date "2022.03.08"]
[EventDate "2022.03.08"]
[Round "4.13"]
[White "Le Fevre, Stephen D"]
[WhiteElo "1388"]
[WhiteTeam "Wessex Some Stars G"]
[Black "Robinson, Joe"]
[BlackElo "1452"]
[BlackTeam "Hackney Spice Boys"]
[Result "1/2-1/2"]
[PlyCount "85"]

1. Nf3 e6 2. d4 f5 3. Bf4 Nf6 4. e3 Be7 5. Bd3 O-O 6. h3 d6 7. O-O a5 8. a4 Nc6 9. c3 Qe8 10. Re1 Kh8 11. Bg5 Rg8 12. Nbd2 h6 13. Bxf6 Bxf6 14. e4 Qf7 15. exf5 exf5 16. Qc2 Ne7 17. Bc4 d5 18. Bd3 g5 19. Ne5 Qh5 20. Be2 g4 21. hxg4 fxg4 22. g3 Bf5 23. Bd3 Rg7 24. Kf1 Bxd3+ 25. Qxd3 Qh3+ 26. Ke2 Qh5 27. Rh1 Qg5 28. Nd7 Ra6 29. Nxf6 Rxf6 30. Rae1 Rgf7 31. Ref1 Re6+ 32. Kd1 Ng8 33. f4 gxf3 34. Rxf3 Rxf3 35. Qxf3 Rf6 36. Qd3 Qg4+ 37. Kc2 b6 38. Rf1 Rxf1 39. Nxf1 Nf6 40. Kb3 Ng8 41. Kc2 Nf6 42. Kb3 Ng8 43. Kc2 1/2-1/2

[Event "4NCL Online Division 4"]
[Site "online"]
[Date "2022.03.08"]
[EventDate "2022.03.08"]
[Round "4.14"]
[White "Saunois, Anthony"]
[WhiteElo "1400"]
[WhiteTeam "Hackney Spice Boys"]
[Black "McCullagh, Tim"]
[BlackElo "1363"]
[BlackTeam "Wessex Some Stars G"]
[Result "0-1"]
[PlyCount "82"]

1. d4 b6 2. c4 e6 3. Nc3 Bb4 4. Bd2 f5 5. Nf3 Nf6 6. e3 Bb7 7. a3 Be7 8. Bd3 Ne4 9. Bc1 O-O 10. Qc2 Nxc3 11. Qxc3 d6 12. O-O Bxf3 13. gxf3 Nd7 14. Kh1 Bf6 15. Rg1 c5 16. Qd2 cxd4 17. e4 Ne5 18. Be2 fxe4 19. fxe4 Qe7 20. f4 Ng6 21. b3 e5 22. f5 Nf4 23. Bg4 Qb7 24. Bf3 b5 25. Qf2 Nh3 26. Qg2 Nxg1 27. Qxg1 bxc4 28. bxc4 Qb3 29. Be2 Qc2 30. Bf3 Qxc4 31. Bg5 Qd3 32. Bxf6 Qxf3+ 33. Qg2 Qxg2+ 34. Kxg2 Rxf6 35. Rc1 g5 36. Kf3 h5 37. Rg1 g4+ 38. Ke2 Rb8 39. h3 Rb2+ 40. Kd3 Rb3+ 41. Kc4 Rxh3 0-1

[Event "4NCL Online Division 4"]
[Site "online"]
[Date "2022.03.08"]
[EventDate "2022.03.08"]
[Round "4.21"]
[White "Sheehy, Lewis"]
[WhiteElo "1096"]
[WhiteTeam "Manchester Juniors C"]
[Black "Taylor, Robert K"]
[BlackElo "2005"]
[BlackTeam "Sheffield Uni 70's Graduates"]
[Result "0-1"]
[PlyCount "42"]

1. d4 Nf6 2. Bf4 e6 3. e3 b6 4. Nf3 Bb7 5. c3 Be7 6. Bd3 Nh5 7. Bg3 g6 8. Nbd2 O-O 9. Qc2 f5 10. O-O-O d6 11. Qb3 d5 12. Be5 Nd7 13. h3 c5 14. c4 Nxe5 15. Nxe5 Nf6 16. Ndf3 Ne4 17. Bxe4 fxe4 18. Nd2 Rxf2 19. g4 Qc7 20. Kb1 Raf8 21. Qa3 cxd4 0-1

[Event "4NCL Online Division 4"]
[Site "online"]
[Date "2022.03.08"]
[EventDate "2022.03.08"]
[Round "4.22"]
[White "Beckett, Phill"]
[WhiteElo "1868"]
[WhiteTeam "Sheffield Uni 70's Graduates"]
[Black "Chattopadhyay, Ryan"]
[BlackElo "600"]
[BlackTeam "Manchester Juniors C"]
[Result "1-0"]
[PlyCount "33"]

1. e4 e5 2. Nf3 Nc6 3. Bb5 d6 4. d4 a6 5. Bxc6+ bxc6 6. dxe5 dxe5 7. Qxd8+ Kxd8 8. Nxe5 Be6 9. Nxc6+ Ke8 10. Nc3 Nf6 11. Bg5 h6 12. Bxf6 gxf6 13. O-O-O Bd7 14. Nd4 Rb8 15. Nd5 h5 16. Nf5 Ba4 17. Nxf6# 1-0

[Event "4NCL Online Division 4"]
[Site "online"]
[Date "2022.03.08"]
[EventDate "2022.03.08"]
[Round "4.23"]
[White "Morrissey, Ashton"]
[WhiteElo "600"]
[WhiteTeam "Manchester Juniors C"]
[Black "McSheehy, Chris J"]
[BlackElo "1721"]
[BlackTeam "Sheffield Uni 70's Graduates"]
[Result "0-1"]
[PlyCount "68"]

1. e4 c5 2. Nc3 Nc6 3. Bc4 e6 4. Nf3 g6 5. a3 Bg7 6. d3 Nge7 7. Bg5 h6 8. Bxe7 Qxe7 9. h3 a6 10. Rb1 d5 11. exd5 exd5+ 12. Qe2 dxc4 13. Qxe7+ Nxe7 14. dxc4 Be6 15. b3 Bxc3+ 16. Kf1 O-O-O 17. Kg1 Rd6 18. Kh2 Rhd8 19. Rhf1 Nf5 20. Kg1 Nd4 21. Nxd4 Rxd4 22. a4 Rd2 23. Rbc1 Bb2 24. Rb1 Rxc2 25. Rfd1 Rxd1+ 26. Rxd1 Bd4 27. Rf1 Bf5 28. g3 Bd3 29. Rd1 Rxf2 30. Re1 Rf1+ 31. Kg2 Rxe1 32. Kf3 f5 33. h4 Be4+ 34. Kf4 Rf1# 0-1

[Event "4NCL Online Division 4"]
[Site "online"]
[Date "2022.03.08"]
[EventDate "2022.03.08"]
[Round "4.24"]
[White "Grobler, David"]
[WhiteElo "1651"]
[WhiteTeam "Sheffield Uni 70's Graduates"]
[Black "Singh, Rajdeep"]
[BlackElo "600"]
[BlackTeam "Manchester Juniors C"]
[Result "1-0"]
[PlyCount "26"]

1. e4 e5 2. Nf3 Bc5 3. Bc4 Nh6 4. c3 Ng4 5. d4 exd4 6. cxd4 Bb4+ 7. Bd2 Bxd2+ 8. Qxd2 Qe7 9. O-O Qxe4 10. Re1 Qxe1+ 11. Qxe1+ Kf8 12. h3 Nf6 13. Nc3 Nh5 1-0

[Event "4NCL Online Division 4"]
[Site "online"]
[Date "2022.03.08"]
[EventDate "2022.03.08"]
[Round "4.31"]
[White "Sarkar, Rian"]
[WhiteElo "1539"]
[WhiteTeam "Barnet Knights C"]
[Black "Evdokimova, Maria"]
[BlackElo "1428"]
[BlackTeam "Breage Bruisers"]
[Result "1-0"]
[PlyCount "117"]

1. d4 d5 2. c4 e5 3. dxe5 d4 4. a3 Nc6 5. Nf3 Nge7 6. e3 Bg4 7. Be2 Nf5 8. h3 Bxf3 9. Bxf3 Nxe5 10. Bxb7 Rb8 11. Qa4+ Nd7 12. Bc6 Bc5 13. Bxd7+ Qxd7 14. Qxd7+ Kxd7 15. b4 Be7 16. exd4 Rhe8 17. O-O Bf6 18. Bb2 c5 19. Rd1 Kc8 20. Bc3 Bxd4 21. Bxd4 Nxd4 22. b5 Rd8 23. Nc3 Rb7 24. a4 f6 25. Kh2 h5 26. Kg3 Re7 27. Nd5 Re5 28. a5 Rg5+ 29. Kh2 Re5 30. b6 Nc6 31. a6 Rde8 32. Kg3 Re4 33. Ra4 h4+ 34. Kf3 Nd4+ 35. Rxd4 Rxd4 36. bxa7 Kd7 37. Nb6+ Kc6 38. a8=Q+ Rxa8 39. Nxa8 Rd8 40. Kg4 Rxa8 41. Kxh4 Kb6 42. a7 Rxa7 43. Rxa7 Kxa7 44. Kh5 Ka6 45. Kg6 Ka5 46. Kxg7 Kb4 47. h4 Kxc4 48. h5 Kd3 49. h6 c4 50. h7 c3 51. h8=Q c2 52. Qc8 f5 53. Qxf5+ Kd2 54. Qxc2+ Kxc2 55. f4 Kd3 56. f5 Ke4 57. f6 Ke5 58. f7 Ke6 59. f8=Q 1-0

[Event "4NCL Online Division 4"]
[Site "online"]
[Date "2022.03.08"]
[EventDate "2022.03.08"]
[Round "4.32"]
[White "Taylor, Russell"]
[WhiteElo "1403"]
[WhiteTeam "Breage Bruisers"]
[Black "Angelopoulos, Andreas"]
[BlackElo "1477"]
[BlackTeam "Barnet Knights C"]
[Result "1/2-1/2"]
[PlyCount "56"]

1. d4 Nf6 2. c4 e6 3. Nc3 Bb4 4. e3 O-O 5. Bd3 b6 6. Nf3 Bb7 7. O-O c5 8. a3 Bxc3 9. bxc3 d6 10. Bb2 Re8 11. Re1 e5 12. dxe5 dxe5 13. Nxe5 Qc7 14. f4 Nc6 15. Nxc6 Qxc6 16. Qc2 Rad8 17. Rad1 h6 18. Bc1 Rd6 19. Re2 Red8 20. Red2 Ng4 21. Re2 Qe4 22. h3 Rxd3 23. Rxd3 Qxd3 24. hxg4 Qxc4 25. Kf2 Rd3 26. Rd2 Rxd2+ 27. Qxd2 Qe4 28. Kg1 Qd5 1/2-1/2

[Event "4NCL Online Division 4"]
[Site "online"]
[Date "2022.03.08"]
[EventDate "2022.03.08"]
[Round "4.33"]
[White "Lee, Xander"]
[WhiteElo "1432"]
[WhiteTeam "Barnet Knights C"]
[Black "Doubleday, Peter"]
[BlackElo "1402"]
[BlackTeam "Breage Bruisers"]
[Result "1-0"]
[PlyCount "41"]

1. e4 c6 2. d4 d5 3. exd5 cxd5 4. Nc3 Nf6 5. Bf4 a6 6. Nf3 Bg4 7. Be2 Nc6 8. Ne5 Bxe2 9. Nxc6 bxc6 10. Qxe2 e6 11. O-O-O c5 12. Kb1 Be7 13. dxc5 Bxc5 14. Rhe1 O-O 15. Rd3 Qc8 16. Rg3 Re8 17. Bh6 Bf8 18. Qe5 Kh8 19. Qg5 Nh5 20. Qxh5 gxh6 21. Qe5+ 1-0

[Event "4NCL Online Division 4"]
[Site "online"]
[Date "2022.03.08"]
[EventDate "2022.03.08"]
[Round "4.41"]
[White "Wylie, Steve"]
[WhiteElo "1646"]
[WhiteTeam "Devana Corieltauvorum"]
[Black "Smith, Jonathan"]
[BlackElo "1443"]
[BlackTeam "Shropshire and Friends 6"]
[Result "1-0"]
[PlyCount "27"]

1. d4 d5 2. Bf4 Nf6 3. e3 Nc6 4. c4 dxc4 5. Bxc4 e6 6. Nc3 Be7 7. Nf3 h6 8. Rc1 Nh5 9. Bg3 Nxg3 10. hxg3 a6 11. a3 b5 12. Nxb5 Na5 13. Nxc7+ Qxc7 14. Bb5+ 1-0

[Event "4NCL Online Division 4"]
[Site "online"]
[Date "2022.03.08"]
[EventDate "2022.03.08"]
[Round "4.42"]
[White "Slegg, Gary"]
[WhiteElo "1419"]
[WhiteTeam "Shropshire and Friends 6"]
[Black "Johnson, Andy G"]
[BlackElo "1634"]
[BlackTeam "Devana Corieltauvorum"]
[Result "0-1"]
[PlyCount "128"]

1. e4 d6 2. d4 g6 3. Nc3 Bg7 4. Nf3 Nf6 5. Bc4 O-O 6. O-O a6 7. Be3 b5 8. Bd3 Bb7 9. h3 Nbd7 10. Qd2 b4 11. Ne2 a5 12. Ng3 c5 13. dxc5 Nxc5 14. Bxc5 dxc5 15. Qe3 Rc8 16. Rad1 Qc7 17. Bc4 Nd7 18. b3 Ne5 19. Nxe5 Bxe5 20. Ne2 e6 21. f4 Bg7 22. e5 Qc6 23. Qf3 Qxf3 24. gxf3 Rfd8 25. Kf2 Bd5 26. Bxd5 Rxd5 27. Rxd5 exd5 28. c3 Kf8 29. Rd1 Rd8 30. c4 d4 31. Rd3 Ra8 32. Ng3 Bh6 33. Ne2 a4 34. Kg3 axb3 35. axb3 Ke7 36. Kg4 f6 37. Ng3 Ra2 38. exf6+ Kxf6 39. Ne4+ Ke7 40. Nxc5 Rg2+ 41. Kh4 g5+ 42. Kh5 Bg7 43. fxg5 Rh2 44. h4 Be5 45. Kg4 Rg2+ 46. Kf5 Bg7 47. Na6 Rh2 48. Nxb4 Rxh4 49. f4 Kd6 50. Nc2 Kc5 51. Ke4 Rh2 52. Nxd4 Bxd4 53. Rxd4 Re2+ 54. Kd3 Re1 55. Re4 Rd1+ 56. Kc2 Rf1 57. Re5+ Kd6 58. Re4 Kc5 59. Re7 Rxf4 60. Rxh7 Rg4 61. Rg7 Kb4 62. Rb7+ Kc5 63. Rb5+ Kc6 64. b4 Rxc4+ 0-1